<?xml version="1.0" encoding="UTF-8"?>
<collection xmlns="http://www.loc.gov/MARC21/slim">
  <record>
    <leader>00000nam  2200000   4500</leader>
    <controlfield tag="001">INLIS000000000000604</controlfield>
    <controlfield tag="005">20180724135516</controlfield>
    <controlfield tag="008">180724|||||||||   |   |||   |||| ||   | </controlfield>
    <datafield tag="035" ind1=" " ind2=" ">
      <subfield code="0">010-0718000604</subfield>
    </datafield>
    <datafield tag="041" ind1=" " ind2=" ">
      <subfield code="a">id</subfield>
    </datafield>
    <datafield tag="082" ind1=" " ind2=" ">
      <subfield code="a">023</subfield>
    </datafield>
    <datafield tag="090" ind1=" " ind2=" ">
      <subfield code="a">R 023 PIM I 2014</subfield>
    </datafield>
    <datafield tag="100" ind1=" " ind2=" ">
      <subfield code="a">Sugiyo</subfield>
    </datafield>
    <datafield tag="245" ind1=" " ind2=" ">
      <subfield code="a">Peningkatan Akuntabilitas Penanganan Perkara Narkotika Melalui Sistem Informasi Berbasis Teknologi Informasi di Badan Narkotika Nasional</subfield>
    </datafield>
    <datafield tag="260" ind1=" " ind2=" ">
      <subfield code="a">Jakarta</subfield>
      <subfield code="b">LAN Jakarta</subfield>
      <subfield code="c">2014</subfield>
    </datafield>
    <datafield tag="300" ind1=" " ind2=" ">
      <subfield code="a">26 hlm.</subfield>
    </datafield>
    <datafield tag="500" ind1=" " ind2=" ">
      <subfield code="a">Pemilihan topik tersebut dilatarbelakangi adanya upaya yang kuat untuk meningkatkan akuntabilitas kinerja di bidang penanganan perkara narkotika.  Disamping itu didorong adanya keharusan untuk melaksanakan keterbukaan informasi publik sebagaimana tertuang dalam pasal 2 Undang-Undang Nomor 14 tahun 2008.  Sedangkan dipilihnya teknologi informasi sebagai sarana publikasi kinerja, dikarenakan sarana tersebut merupakan wahana yang canggih dan efektif dalam menyebarkan informasi kepada masyarakat.</subfield>
    </datafield>
    <datafield tag="650" ind1=" " ind2=" ">
      <subfield code="a">Narkoba</subfield>
    </datafield>
  </record>
</collection>
